000 00788nab a2200229u 4500
001 22907
003 HDC
007 c| |||a|c|aaaa
008 210310b20091216my ||||o |||| 00| 0 eng d
040 _aHDC
100 _aVicky Buffery and Laurent Hamida /
_eauthor
_919653
245 0 _aFrench halal restaurants try gourmet cuisine /
_cVicky Buffery and Laurent Hamida
336 _atext
_2rdacontent
337 _acomputer
_2rdamedia
338 _aonline resource
_2rdacarrier
650 _aFrench gastronomy
_919654
650 _ahalal meat
_91025
856 _zRequest full-text at [email protected]
942 _2lcc
942 _cNEWS
942 _kNWS0 005082
999 _c20223
_d20223